| 000 | 00500nam a2200205Ia 4500 | ||
|---|---|---|---|
| 003 | OSt | ||
| 005 | 20231021121757.0 | ||
| 008 | 210210b1999 xxu||||| |||| 00| 0 eng d | ||
| 040 | _cAL | ||
| 041 | _aTulu | ||
| 082 | _aT894.9 MUDP | ||
| 100 |
_aMUDDU MUDUBELLE. _9139150 |
||
| 245 |
_aPuvari. _bಪೂವರಿ |
||
| 260 |
_aBelle _bSahitya Samskrati Vedike _c1999 |
||
| 300 | _a84 | ||
| 650 |
_aTulu baravu _9139151 |
||
| 690 |
_aTulu Criticism _9139152 |
||
| 906 | _aSG03427 | ||
| 942 |
_2ddc _cBK |
||
| 999 |
_c114317 _d114317 |
||